00318nam a2200121Ia 4500020001800000082001600018245005800034260003500092300000800127504002600135650001700161700001800178 a9780670081608 a133.9 KAK-M 0aMad and divine: spirit and psyche in the modern world aNew DelhibPenguin Groupc2008 a178 aincludes bibliography aSpirituality aKakar, Sudhir